LIBRARY & INFORMATION CENTRE, KCAET, TAVANUR

ONLINE PUBLIC ACCESS CATALOGUE (OPAC)

Normal view MARC view
  • FATHIMA RANA T

Entry Personal Name

Number of records used in: 1

001 - CONTROL NUMBER

  • control field: 5485

003 - CONTROL NUMBER IDENTIFIER

  • control field: OSt

005 - DATE AND TIME OF LATEST TRANSACTION

  • control field: 20230624110140.0

008 - FIXED-LENGTH DATA ELEMENTS

  • fixed length control field: 230624|| aca||aabn | a|a d

040 ## - CATALOGING SOURCE

  • Original cataloging agency: OSt
  • Transcribing agency: OSt

100 ## - HEADING--PERSONAL NAME

  • Personal name: FATHIMA RANA T
  • Personal name: AARIFF.S
  • Personal name: NADHIYA C
  • Personal name: ANUSREE. S KUMAR

670 ## - SOURCE DATA FOUND

  • Source citation: Work cat.: (OSt)17713: FATHIMA RANA T AARIFF.S NADHIYA C ANUSREE. S KUMAR, DEVELOPMENT AND PERFORMANCE EVALUATION OF SELF-PROPELLED PADDY SEEDER, 2023
free website counter